[Event "2.Bl-West"]
[Site "Salzburg"]
[Date "2003.10.19"]
[Round "2"]
[Board "1"]
[White "Volke, Karsten"]
[Black "Bromberger, Stefan"]
[Result "1/2-1/2"]
[WhiteElo "2467"]
[BlackElo "2460"]
[PlyCount "31"]

1.c4 Nf6 2.Nc3 g6 3.e4 d6 4.d4 Bg7 5.Nf3 O-O 6.Be2 e5 7.d5 a5 8.Bg5 Na6 9.Nd2 h6
10.Bh4 Bd7 11.O-O Nc5 12.Kh1 Qe8 13.b3 Nh7 14.f3 f5 15.a3 Bf6 16.Bxf6

[Event "2.Bl-West"]
[Site "Salzburg"]
[Date "2003.10.19"]
[Round "2"]
[Board "2"]
[White "Duer, Arne"]
[Black "Weindl, Alfred"]
[Result "1/2-1/2"]
[WhiteElo "2375"]
[BlackElo "2351"]
[PlyCount "60"]

1.c4 Nf6 2.Nf3 g6 3.Nc3 Bg7 4.e4 d6 5.d4 O-O 6.Be2 e5 7.Be3 Na6 8.O-O Ng4 9.Bg5
Qe8 10.h3 h6 11.Bc1 Nf6 12.dxe5 dxe5 13.Be3 c6 14.Qd6 Qe6 15.Rfd1 Qxd6 16.Rxd6
Be6 17.a3 Rfc8 18.b4 Ne8 19.Rdd1 f5 20.Bc1 Nb8 21.Bb2 Nd7 22.c5 Kf7 23.Nd2 Ke7
24.Nc4 Rd8 25.f3 Bxc4 26.Bxc4 f4 27.Kf2 Nf8 28.Ke2 Nc7 29.Rxd8 Rxd8 30.Rd1 Rc8

[Event "2.Bl-West"]
[Site "Salzburg"]
[Date "2003.10.19"]
[Round "2"]
[Board "3"]
[White "Poettinger, Harald"]
[Black "Ferrari, Josef"]
[Result "1-0"]
[WhiteElo "2238"]
[BlackElo "2226"]
[PlyCount "127"]

1.d4 d5 2.c4 e6 3.Nf3 c5 4.cxd5 exd5 5.Nc3 Nc6 6.g3 Nf6 7.Bg2 Be7 8.O-O O-O
9.Bg5 cxd4 10.Nxd4 h6 11.Be3 Re8 12.a3 Bg4 13.Qb3 Na5 14.Qa2 Nc4 15.Nxd5 Nxe3
16.fxe3 Bc5 17.Rf4 Be6 18.Nxf6+ Qxf6 19.Rxf6 Bxa2 20.Rf5 Bxd4 21.exd4 Bc4 22.Rc1
Bxe2 23.Bxb7 Rab8 24.Rc7 Bc4 25.Re5 Rxe5 26.dxe5 Be6 27.b4 Rd8 28.Ba6 Rd1+
29.Kf2 Ra1 30.Rxa7 Rxa3 31.Ra8+ Kh7 32.Bb7 Rb3 33.Be4+ g6 34.Rb8 Rb2+ 35.Ke3
Rxh2 36.b5 Rb2 37.b6 Rb3+ 38.Kd4 Rb4+ 39.Kd3 Rb3+ 40.Kd2 Bf5 41.Bc6 Rd3+ 42.Ke2
Rc3 43.Bd5 Rc5 44.Rd8 Bc8 45.Ke3 Ba6 46.Rd7 Rb5 47.Rxf7+ Kh8 48.b7 Bxb7 49.Bxb7
Rxe5+ 50.Be4 Re6 51.Rc7 Rf6 52.Kd4 h5 53.Ke5 Rb6 54.Kf4 Rb4 55.Re7 Ra4 56.Kg5
Kg8 57.Kxg6 Kf8 58.Rf7+ Kg8 59.Rf4 Ra5 60.Rf5 Ra6+ 61.Rf6 Ra5 62.Bf5 Ra8 63.Be6+
Kh8 64.Rf7

[Event "2.Bl-West"]
[Site "Salzburg"]
[Date "2003.10.19"]
[Round "2"]
[Board "4"]
[White "Gerhold, Michael"]
[Black "Heilinger, Dietmar"]
[Result "1/2-1/2"]
[WhiteElo "2223"]
[BlackElo "2179"]
[PlyCount "24"]

1.d4 d5 2.c4 Nc6 3.cxd5 Qxd5 4.e3 e5 5.Nc3 Bb4 6.Bd2 Bxc3 7.bxc3 Qd6 8.Bd3 Nf6
9.f3 O-O 10.Ne2 Re8 11.Qb1 Rb8 12.O-O b5

[Event "2.Bl-West"]
[Site "Salzburg"]
[Date "2003.10.19"]
[Round "2"]
[Board "5"]
[White "Maier, Peter"]
[Black "Gruber, Michael"]
[Result "1/2-1/2"]
[WhiteElo "2160"]
[BlackElo "2123"]
[PlyCount "54"]

1.Nf3 f5 2.d4 g6 3.g3 Bg7 4.Bg2 Nf6 5.O-O O-O 6.c4 d6 7.Nc3 Qe8 8.d5 Na6 9.Be3
Bd7 10.Qc1 c6 11.Bh6 Rc8 12.Bxg7 Kxg7 13.Nd4 Nc7 14.Qd2 c5 15.Nf3 b5 16.cxb5
Nxb5 17.e4 fxe4 18.Ng5 Nd4 19.Ngxe4 Nxe4 20.Nxe4 Bh3 21.f4 Bxg2 22.Kxg2 Qf7
23.Nc3 Rb8 24.Rae1 Rb4 25.Re4 Rfb8 26.b3 a5 27.Kg1 R8b7

[Event "2.Bl-West"]
[Site "Salzburg"]
[Date "2003.10.19"]
[Round "2"]
[Board "1"]
[White "Lanka, Zigurds"]
[Black "Novkovic, Milan"]
[Result "0-1"]
[WhiteElo "2467"]
[BlackElo "2371"]
[PlyCount "104"]

1.e4 e6 2.d4 d5 3.Nc3 Bb4 4.e5 Qd7 5.a3 Bxc3+ 6.bxc3 b6 7.Qg4 f5 8.Qg3 Ba6
9.Bxa6 Nxa6 10.Ne2 O-O-O 11.a4 Kb7 12.O-O h6 13.Ba3 g5 14.Rfb1 Qxa4 15.Nf4 gxf4
16.Qg7 Qd7 17.Qxh8 Qf7 18.Kh1 Qg6 19.g3 f3 20.Rd1 Rd7 21.Rd3 Rh7 22.Qxh7 Qxh7
23.Rxf3 Nb8 24.Rg1 h5 25.Bc1 Nc6 26.Bg5 Qg6 27.h4 Na5 28.Rd3 Nc4 29.Ra1 Nh6
30.Kg2 Nf7 31.Bf4 a5 32.Rdd1 Qg8 33.f3 Nh8 34.Kf2 Ng6 35.Bg5 Qh7 36.Re1 Ka6
37.Ra2 Qd7 38.Rb1 Qc8 39.Re1 Qf8 40.Bf6 c5 41.Rb1 b5 42.Bg5 Ne7 43.Bf4 Nc6
44.dxc5 Qxc5+ 45.Kg2 d4 46.cxd4 Qxd4 47.Rb3 N6xe5 48.Rb1 Qd5 49.Rb3 Qd1 50.Kf2
a4 51.Bxe5 Qd2+ 52.Kf1 Nxe5

[Event "2.Bl-West"]
[Site "Salzburg"]
[Date "2003.10.19"]
[Round "2"]
[Board "2"]
[White "Gaertner, Guntram"]
[Black "Gross, David"]
[Result "1/2-1/2"]
[WhiteElo "2340"]
[BlackElo "2458"]
[PlyCount "32"]

1.d4 Nf6 2.c4 e6 3.Nc3 Bb4 4.Bg5 h6 5.Bh4 c5 6.d5 Bxc3+ 7.bxc3 d6 8.e3 Qe7 9.Nf3
e5 10.Qc2 Nbd7 11.Nd2 g5 12.Bg3 Nh5 13.Bd3 Kd8 14.O-O-O Ndf6 15.h3 Kc7 16.Bh2
Bd7

[Event "2.Bl-West"]
[Site "Salzburg"]
[Date "2003.10.19"]
[Round "2"]
[Board "3"]
[White "Proehl, Holger"]
[Black "Grabher, Heinz"]
[Result "1-0"]
[WhiteElo "2336"]
[BlackElo "2234"]
[PlyCount "89"]

1.e4 e5 2.Nc3 Nf6 3.g3 Nc6 4.Bg2 Bc5 5.Nge2 d6 6.O-O h5 7.h3 Be6 8.Nd5 Bxd5
9.exd5 Ne7 10.d4 Bb6 11.c4 c6 12.dxc6 Nxc6 13.Qa4 Qd7 14.dxe5 Nxe5 15.Qxd7+ Kxd7
16.Bg5 Rae8 17.Bxf6 gxf6 18.Nf4 h4 19.g4 Nxc4 20.b3 Nd2 21.Rfe1 Rxe1+ 22.Rxe1
Re8 23.Rxe8 Kxe8 24.Bxb7 f5 25.gxf5 Bd4 26.b4 Ke7 27.a4 Kf6 28.Ne2 Bb2 29.a5 Ba3
30.b5 Bc5 31.Bd5 Kxf5 32.Nc3 Kf4 33.Na4 Bd4 34.b6 axb6 35.Nxb6 Nf3+ 36.Kf1 Ng5
37.Bg2 f5 38.Nd5+ Ke5 39.a6 Ne4 40.Ne7 Bb6 41.Nc8 Bc5 42.a7 Bxa7 43.Nxa7 d5
44.Nc6+ Kd6 45.Nd4

[Event "2.Bl-West"]
[Site "Salzburg"]
[Date "2003.10.19"]
[Round "2"]
[Board "4"]
[White "Atlas, Dimitry"]
[Black "Tabernig, Bernhard"]
[Result "0-1"]
[WhiteElo "2281"]
[BlackElo "2368"]
[PlyCount "62"]

1.e4 e6 2.d4 d5 3.e5 c5 4.c3 Nc6 5.Nf3 Qb6 6.Be2 cxd4 7.cxd4 Nh6 8.b3 Nf5 9.Bb2
Bb4+ 10.Kf1 Be7 11.Nc3 O-O 12.Na4 Qd8 13.Qd2 f6 14.g4 Nh6 15.exf6 Rxf6 16.g5
Rxf3 17.Bxf3 Bxg5 18.Qe2 Qf6 19.h4 Bf4 20.Bg4 Nxg4 21.Qxg4 Be3 22.Qg3 Bxd4
23.Bxd4 Nxd4 24.Kg2 Bd7 25.Rad1 Rf8 26.Nc5 Bc6 27.Rhe1 Nf5 28.Rxe6 Qb2 29.Qf4
Ne3+ 30.Qxe3 d4+ 31.Rxc6 dxe3

[Event "2.Bl-West"]
[Site "Salzburg"]
[Date "2003.10.19"]
[Round "2"]
[Board "5"]
[White "Kroell, Johannes"]
[Black "Burschowsky, Matthias"]
[Result "1-0"]
[WhiteElo "2192"]
[BlackElo "2186"]
[PlyCount "71"]

1.Nc3 d5 2.e4 d4 3.Nce2 e5 4.Ng3 Nf6 5.Nf3 Bd6 6.Bc4 Nc6 7.d3 Qe7 8.Bd2 Bd7 9.a3
h6 10.b4 O-O-O 11.Qb1 g5 12.b5 Nb8 13.Qb3 Bg4 14.Qa4 Bc5 15.Bb4 Nh5 16.Nxh5 Bxh5
17.Nd2 Nd7 18.Qxa7 Bxa7 19.Bxe7 Rde8 20.Bb4 g4 21.h3 gxh3 22.Rxh3 Bg6 23.Ke2 h5
24.Rah1 Rhg8 25.Nf3 Bc5 26.Nh4 Rg7 27.Bxc5 Nxc5 28.g3 Kd7 29.Nf5 Rgg8 30.Nh4
Rgf8 31.f4 exf4 32.gxf4 Bh7 33.f5 Ke7 34.Nf3 Ra8 35.Rxh5 Bg8 36.f6+

[Event "2.Bl-West"]
[Site "Salzburg"]
[Date "2003.10.19"]
[Round "2"]
[Board "1"]
[White "Madl, Ildiko"]
[Black "Halasz, Tamas"]
[Result "1/2-1/2"]
[WhiteElo "2366"]
[BlackElo "2383"]
[PlyCount "32"]

1.e4 e5 2.Nf3 Nf6 3.Nxe5 d6 4.Nf3 Nxe4 5.Nc3 Nxc3 6.dxc3 Nc6 7.Bf4 Be7 8.Qd2 Bg4
9.Be2 Qd7 10.h3 Bh5 11.O-O-O O-O-O 12.Qd5 Bg6 13.Bd3 Bxd3 14.cxd3 Qe6 15.Qxe6+
fxe6 16.d4 Rhf8

[Event "2.Bl-West"]
[Site "Salzburg"]
[Date "2003.10.19"]
[Round "2"]
[Board "3"]
[White "Schmidt, Georg"]
[Black "Grundherr, Martin"]
[Result "1/2-1/2"]
[WhiteElo "2376"]
[BlackElo "2327"]
[PlyCount "45"]

1.e4 c6 2.d4 d5 3.exd5 cxd5 4.c4 Nf6 5.Nc3 e6 6.Nf3 Bb4 7.cxd5 exd5 8.Bd3 O-O
9.Ne5 Nc6 10.Nxc6 bxc6 11.O-O Qa5 12.Qc2 Ba6 13.Bxa6 Qxa6 14.Bg5 Bxc3 15.Bxf6
Bb4 16.Bg5 Rfe8 17.a3 Be7 18.Bxe7 Rxe7 19.Rfe1 Rae8 20.Rxe7 Rxe7 21.h3 Re2
22.Qc3 g6 23.Re1

[Event "2.Bl-West"]
[Site "Salzburg"]
[Date "2003.10.19"]
[Round "2"]
[Board "4"]
[White "Mittelberger, Peter"]
[Black "Opl, Klaus"]
[Result "1/2-1/2"]
[WhiteElo "2267"]
[BlackElo "2280"]
[PlyCount "44"]

1.e4 e5 2.Nf3 Nc6 3.d4 exd4 4.Nxd4 Bc5 5.Be3 Qf6 6.c3 Nge7 7.Bc4 b6 8.O-O Bb7
9.f4 d6 10.Qd3 O-O 11.Nd2 Rad8 12.Bb3 Ng6 13.Rae1 a6 14.Bd5 Bxd4 15.Bxd4 Nxd4
16.Bxb7 Ne6 17.Qe3 Nc5 18.Bc6 Ne7 19.Bd5 Nxd5 20.exd5 Qf5 21.Qd4 Rfe8 22.b4 Nd3

[Event "2.Bl-West"]
[Site "Salzburg"]
[Date "2003.10.19"]
[Round "2"]
[Board "5"]
[White "Hamberger, Hermann"]
[Black "Astl, Peter"]
[Result "0-1"]
[WhiteElo "2157"]
[BlackElo "2240"]
[PlyCount "120"]

1.e4 e6 2.Nc3 d5 3.Qf3 c6 4.exd5 cxd5 5.d4 Nc6 6.Bb5 Bd7 7.Nge2 a6 8.Bd3 Nb4
9.O-O Nf6 10.Bg5 Be7 11.Rae1 O-O 12.Ng3 Rc8 13.Re2 b5 14.Rfe1 Nxd3 15.cxd3 b4
16.Nd1 Re8 17.Ne3 h6 18.Bf4 Bb5 19.Ng4 Nxg4 20.Qxg4 Bg5 21.Re3 Bxf4 22.Qxf4 Qg5
23.Qd6 Qe7 24.Qf4 Rc2 25.h4 Qf6 26.Qxf6 gxf6 27.Nh5 Rec8 28.Rg3+ Kf8 29.Nxf6 Rc1
30.Rge3 Rxe1+ 31.Rxe1 Rc2 32.Rb1 a5 33.Ng4 Kg7 34.Ne5 f6 35.Nf3 Bxd3 36.Rd1 Be2
37.Rd2 Rc1+ 38.Kh2 Bxf3 39.gxf3 a4 40.Kg3 Kg6 41.Kf4 Ra1 42.b3 axb3 43.axb3 Rb1
44.h5+ Kf7 45.Ra2 Rxb3 46.Ra7+ Ke8 47.Rh7 Rd3 48.Rxh6 Kf7 49.Rh7+ Kg8 50.Rb7
Rxd4+ 51.Kg3 e5 52.h6 Rc4 53.Kh3 Rf4 54.Kg3 Kh8 55.Rb5 Kh7 56.Rxd5 Kxh6 57.Rb5
Kg6 58.Kg2 Kf7 59.Kf1 Ke6 60.Ke2 Kd6

[Event "2.Bl-West"]
[Site "Salzburg"]
[Date "2003.10.19"]
[Round "2"]
[Board "6"]
[White "Neuschmied, Siegfried"]
[Black "Mroz, Thomas"]
[Result "1-0"]
[WhiteElo "2219"]
[BlackElo "2096"]
[PlyCount "53"]

1.e4 Nf6 2.e5 Nd5 3.d4 d6 4.Nf3 dxe5 5.Nxe5 c6 6.Bd3 Nd7 7.Qe2 Nb4 8.Bc4 Nxe5
9.dxe5 Bf5 10.Bb3 e6 11.O-O Be7 12.Nc3 Qc7 13.g4 Bg6 14.f4 Qd7 15.Be3 O-O 16.Qf2
f5 17.exf6 Bxf6 18.Rad1 Nd5 19.f5 Bf7 20.Ne4 Bxb2 21.c4 exf5 22.Nc5 Qe7 23.cxd5
Bxd5 24.Rxd5 cxd5 25.Bxd5+ Kh8 26.Ne6 Rf6 27.gxf5

[Event "2.Bl-West"]
[Site "Salzburg"]
[Date "2003.10.19"]
[Round "2"]
[Board "1"]
[White "Wegerle, Joerg"]
[Black "Heinzel, Olaf"]
[Result "1/2-1/2"]
[WhiteElo "2382"]
[BlackElo "2358"]
[PlyCount "37"]

1.c4 e5 2.g3 g6 3.Bg2 Bg7 4.Nc3 Ne7 5.e3 O-O 6.Nge2 d6 7.d4 Nbc6 8.d5 Nb8 9.e4
c5 10.dxc6 bxc6 11.O-O Ba6 12.b3 c5 13.Nb5 Bxb5 14.cxb5 a6 15.Nc3 axb5 16.Nxb5
Nbc6 17.Bb2 Nd4 18.Bxd4 exd4 19.a4

[Event "2.Bl-West"]
[Site "Salzburg"]
[Date "2003.10.19"]
[Round "2"]
[Board "2"]
[White "Bayer, Bernhard"]
[Black "Herbrechtsmeier, Christof"]
[Result "0-1"]
[WhiteElo "2298"]
[BlackElo "2292"]
[PlyCount "78"]

1.e4 c5 2.Nf3 g6 3.Be2 Bg7 4.O-O Nc6 5.c3 Nf6 6.d3 O-O 7.a3 a5 8.a4 d5 9.e5 Ne8
10.d4 Nc7 11.Be3 Bg4 12.Na3 cxd4 13.cxd4 f6 14.exf6 Bxf6 15.Nb5 Nxb5 16.axb5 Nb4
17.Ne5 Bxe2 18.Qxe2 Bxe5 19.dxe5 Qc7 20.f4 Qc2 21.Qg4 Qf5 22.Qxf5 gxf5 23.Bc5
Kf7 24.e6+ Kf6 25.Rae1 h5 26.Rf3 h4 27.Bf2 Rh8 28.Bd4+ Kg6 29.Bxh8 Rxh8 30.Rc3
Kf6 31.g3 d4 32.Rc7 b6 33.Rd1 d3 34.Rb7 Rc8 35.Rxb6 Rc2 36.Rb8 h3 37.b6 Rg2+
38.Kh1 Nc6 39.Rh8 d2

[Event "2.Bl-West"]
[Site "Salzburg"]
[Date "2003.10.19"]
[Round "2"]
[Board "3"]
[White "Duer, Werner"]
[Black "Fuchs, Georg"]
[Result "1/2-1/2"]
[WhiteElo "2271"]
[BlackElo "2252"]
[PlyCount "61"]

1.d4 Nf6 2.Nf3 c5 3.d5 d6 4.Nc3 e5 5.Nd2 Be7 6.e4 O-O 7.Be2 Ne8 8.O-O f5 9.exf5
Bxf5 10.Nde4 Nf6 11.Bd3 Nxe4 12.Bxe4 Bxe4 13.Nxe4 b5 14.a4 b4 15.c4 bxc3 16.bxc3
Nd7 17.c4 h6 18.Ra3 Nf6 19.Nxf6+ Rxf6 20.f4 exf4 21.Bxf4 Qd7 22.Raf3 Rb8 23.Bg3
Rxf3 24.Qxf3 Rf8 25.Qe4 Rxf1+ 26.Kxf1 Kf7 27.a5 Qa4 28.Qe6+ Kf8 29.Qf5+ Ke8
30.Qc8+ Kf7 31.Qe6+

[Event "2.Bl-West"]
[Site "Salzburg"]
[Date "2003.10.19"]
[Round "2"]
[Board "4"]
[White "Angerer, Helmut"]
[Black "Lawitsch, Guenther"]
[Result "1-0"]
[WhiteElo "2178"]
[BlackElo "2270"]
[PlyCount "28"]

1.b3 e5 2.Bb2 Nc6 3.e3 g6 4.g3 Bg7 5.Bg2 Nge7 6.Ne2 d5 7.d4 Bg4 8.c3 Qd7 9.h3
Bf5 10.a4 h5 11.Nd2 O-O-O 12.b4 exd4 13.Nxd4 Nxd4 14.exd4 Nc6

[Event "2.Bl-West"]
[Site "Salzburg"]
[Date "2003.10.19"]
[Round "2"]
[Board "6"]
[White "Kornthaler, Reinhard"]
[Black "Thoeny, Hermann"]
[Result "1-0"]
[WhiteElo "2087"]
[BlackElo "2158"]
[PlyCount "79"]

1.e4 e6 2.d3 d5 3.Nd2 c5 4.Ngf3 Nc6 5.g3 Bd6 6.Bg2 Nge7 7.O-O O-O 8.Re1 Bc7 9.c3
b6 10.Nh4 Ba6 11.Bf1 dxe4 12.dxe4 Bxf1 13.Rxf1 Qd3 14.f4 e5 15.Rf3 Qd7 16.f5 f6
17.g4 Rad8 18.a4 Na5 19.Rg3 h6 20.Qe2 Rf7 21.Ng2 Qc6 22.Ne3 Qd7 23.h4 Kf8 24.g5
hxg5 25.hxg5 fxg5 26.Nf3 Qd3 27.Qxd3 Rxd3 28.Nxg5 Rf6 29.Nh7+ Kf7 30.Nxf6 gxf6
31.Kf1 Nb3 32.Rb1 a6 33.Ke2 Rd8 34.Ng4 Nxc1+ 35.Rxc1 Ng8 36.Rh1 Kf8 37.Ne3 Rd7
38.Nd5 Bd8 39.Rhg1 Nh6 40.Rg6

[Event "2.Bl-West"]
[Site "Salzburg"]
[Date "2003.10.19"]
[Round "2"]
[Board "1"]
[White "Krivoshey, Sergei"]
[Black "Westermeier, Arnulf"]
[Result "1-0"]
[WhiteElo "2501"]
[BlackElo "2297"]
[PlyCount "49"]

1.d4 d5 2.c4 e6 3.Nc3 Nf6 4.cxd5 exd5 5.Bg5 Be7 6.e3 O-O 7.Bd3 Nbd7 8.Qc2 Re8
9.Nf3 Nf8 10.h3 Be6 11.O-O c6 12.Rab1 a5 13.a3 Ng6 14.Ne5 Nd7 15.Bxe7 Qxe7 16.f4
Ndxe5 17.dxe5 Nf8 18.e4 Rad8 19.Kh1 Qh4 20.Kh2 Re7 21.Rbe1 Red7 22.f5 dxe4
23.Rxe4 Qg5 24.fxe6 Rxd3 25.Qf2

[Event "2.Bl-West"]
[Site "Salzburg"]
[Date "2003.10.19"]
[Round "2"]
[Board "2"]
[White "Juergens, Klaus"]
[Black "Umansky, Mikhail"]
[Result "0-1"]
[WhiteElo "2162"]
[BlackElo "2452"]
[PlyCount "44"]

1.Nf3 d5 2.c4 d4 3.b4 f6 4.e3 e5 5.Qb3 a5 6.exd4 e4 7.Qe3 Qe7 8.Ng1 axb4 9.Bb2
f5 10.Nh3 Nf6 11.Be2 g6 12.O-O Bg7 13.Qb3 O-O 14.c5+ Kh8 15.Bc4 Nc6 16.d5 Ne5
17.Qxb4 Nfg4 18.Be2 f4 19.f3 Nxh2 20.Kxh2 Qh4 21.Qd4 exf3 22.Qxe5 Qg3+

[Event "2.Bl-West"]
[Site "Salzburg"]
[Date "2003.10.19"]
[Round "2"]
[Board "3"]
[White "Klundt, Klaus"]
[Black "Teufl, Siegfried"]
[Result "1-0"]
[WhiteElo "2365"]
[BlackElo "2192"]
[PlyCount "63"]

1.e4 e5 2.Nf3 Nc6 3.Bb5 a6 4.Ba4 Nf6 5.O-O Be7 6.Re1 b5 7.Bb3 d6 8.c3 O-O 9.d4
Bg4 10.d5 Na5 11.Bc2 c6 12.h3 Bc8 13.dxc6 Qc7 14.a4 Qxc6 15.Na3 Bd7 16.b4 Nc4
17.Nxc4 Qxc4 18.Ra3 Qc7 19.Bd2 Bc6 20.Qe2 Qb7 21.Bg5 a5 22.axb5 Bxb5 23.c4 Bc6
24.b5 Bd7 25.Rea1 Qc7 26.Bd2 Be6 27.Bd3 d5 28.Rxa5 dxc4 29.Rxa8 cxd3 30.Qxd3 Nd7
31.Qc3 f6 32.Rxf8+

[Event "2.Bl-West"]
[Site "Salzburg"]
[Date "2003.10.19"]
[Round "2"]
[Board "4"]
[White "Loeffler, Christoph"]
[Black "Hanel, Reinhard"]
[Result "1-0"]
[WhiteElo "2147"]
[BlackElo "2307"]
[PlyCount "65"]

1.Nf3 c5 2.g3 Nc6 3.Bg2 Nf6 4.d3 d5 5.Nbd2 g6 6.O-O Bg7 7.e4 O-O 8.Re1 e5 9.exd5
Nxd5 10.Nc4 Re8 11.Ne3 Nc7 12.Rb1 Rb8 13.a3 a5 14.Bd2 a4 15.Nc4 b5 16.Na5 Bd7
17.Nxc6 Bxc6 18.Bc3 b4 19.Bd2 bxa3 20.bxa3 Rxb1 21.Qxb1 Qa8 22.Nh4 Ne6 23.Be3
Bf6 24.Bxc6 Qxc6 25.Ng2 Bg5 26.Qd1 Bxe3 27.Rxe3 Nd4 28.c3 Nf5 29.Re4 Rd8 30.Rxe5
Qd6 31.f4 f6 32.Re4 Qxd3 33.Re8+

[Event "2.Bl-West"]
[Site "Salzburg"]
[Date "2003.10.19"]
[Round "2"]
[Board "5"]
[White "Hager, Franz"]
[Black "Besner, Bernhard"]
[Result "1/2-1/2"]
[WhiteElo "2237"]
[BlackElo "2167"]
[PlyCount "72"]

1.Nf3 d5 2.g3 c5 3.Bg2 Nc6 4.c4 dxc4 5.Qa4 Bd7 6.Qxc4 e6 7.Nc3 Nf6 8.O-O Be7
9.d4 b5 10.Qd3 c4 11.Qb1 a6 12.e4 b4 13.Ne2 O-O 14.Rd1 Qb6 15.h3 Rac8 16.Ne5 Qb5
17.Nxd7 Nxd7 18.Nf4 Rfd8 19.Be3 Bg5 20.d5 Nce5 21.dxe6 fxe6 22.Nxe6 Bxe3 23.Nxd8
Bxf2+ 24.Kxf2 Nd3+ 25.Kg1 Rxd8 26.Kh2 N7e5 27.Qc2 Rd6 28.Qe2 Rh6 29.Rd2 Qd7
30.Rf1 Qe6 31.b3 Ng4+ 32.Kh1 Nge5 33.bxc4 Rxh3+ 34.Bxh3 Qxh3+ 35.Kg1 Qxg3+
36.Qg2 Qe3+

[Event "2.Bl-West"]
[Site "Salzburg"]
[Date "2003.10.19"]
[Round "2"]
[Board "6"]
[White "Herndl, Gerald"]
[Black "Hinteregger, Arthur"]
[Result "1-0"]
[WhiteElo "2180"]
[BlackElo "2232"]
[PlyCount "143"]

1.Nf3 Nf6 2.d3 d5 3.g3 c5 4.Bg2 e6 5.Nbd2 Be7 6.O-O O-O 7.e4 Nc6 8.Re1 b5 9.e5
Nd7 10.Nf1 a5 11.h4 Ba6 12.Bh3 b4 13.Bf4 a4 14.Ng5 Bxg5 15.hxg5 a3 16.b3 Nd4
17.Ne3 g6 18.Kg2 Kg7 19.Qg4 Rh8 20.Qh4 Kf8 21.Qh6+ Kg8 22.f3 Bb7 23.Kf2 Qf8
24.Qh4 c4 25.Rh1 Qc5 26.Bg2 Nxc2 27.Rac1 cxd3 28.Rhd1 Ba6 29.Bf1 Nxe5 30.Qh6 d4
31.Ng2 Qd5 32.Bxe5 Qxe5 33.Bxd3 Ne3 34.Bxa6 Nxd1+ 35.Rxd1 Rxa6 36.Rc1 Ra8 37.Rc4
Rb8 38.Qh4 h5 39.gxh6 Kh7 40.Qe7 Rbc8 41.Qxf7+ Kxh6 42.Nh4 Rcg8 43.Rc8 Qg7
44.Qf4+ g5 45.Nf5+ exf5 46.Rc6+ Qg6 47.Rxg6+ Kxg6 48.Qd6+ Kf7 49.Qd7+ Kf6
50.Qxd4+ Ke6 51.Qb6+ Ke5 52.Qc5+ Ke6 53.Qxb4 Rh2+ 54.Ke3 Re8 55.Qxa3 Kf6+ 56.Kd4
Rd8+ 57.Kc5 Rc2+ 58.Kb6 Ke6 59.Qa7 Rd6+ 60.Kb5 Rd5+ 61.Kb4 Rdd2 62.a4 Kd5
63.Qd7+ Ke5 64.Qe7+ Kd4 65.a5 g4 66.fxg4 fxg4 67.a6 Ra2 68.a7 Ra6 69.Qc5+ Ke4
70.Qe7+ Kd4 71.Qg7+ Ke3 72.Qg5+

[Event "2.Bl-West"]
[Site "Salzburg"]
[Date "2003.10.19"]
[Round "2"]
[Board "1"]
[White "Dobosz, Henryk"]
[Black "Micheli, Carlo"]
[Result "1-0"]
[WhiteElo "2457"]
[BlackElo "2360"]
[PlyCount "73"]

1.e4 c5 2.Nf3 e6 3.d3 d6 4.g3 b6 5.Bg2 Bb7 6.O-O Nd7 7.c4 Ngf6 8.Nc3 Be7 9.Ne1
Rb8 10.f4 a6 11.Nc2 O-O 12.g4 Ne8 13.g5 g6 14.Ne3 Ng7 15.Ng4 f6 16.h4 b5 17.b3
b4 18.Ne2 d5 19.Ng3 Qc7 20.Qe1 Rbe8 21.e5 fxe5 22.fxe5 Nf5 23.Nxf5 gxf5 24.Nf6+
Bxf6 25.exf6 dxc4 26.Bxb7 Qxb7 27.dxc4 Qc8 28.Bb2 Rf7 29.Qg3 Kh8 30.Rae1 Nf8
31.h5 Rd8 32.Rd1 Rxd1 33.Rxd1 f4 34.Qxf4 e5 35.Bxe5 Qh3 36.Rd8 Qxh5 37.Rxf8+

[Event "2.Bl-West"]
[Site "Salzburg"]
[Date "2003.10.19"]
[Round "2"]
[Board "2"]
[White "Unzicker, Ferdinand"]
[Black "Riemelmoser, Franz"]
[Result "1/2-1/2"]
[WhiteElo "2290"]
[BlackElo "2287"]
[PlyCount "92"]

1.c4 c5 2.g3 g6 3.Bg2 Bg7 4.Nc3 Nc6 5.a3 d6 6.Rb1 a5 7.Nf3 e5 8.O-O Nge7 9.Ne1
O-O 10.Nc2 Be6 11.Ne3 Rb8 12.d3 Bh6 13.Bd2 Kg7 14.Qc1 Nd4 15.b4 b5 16.cxb5 axb4
17.axb4 Rxb5 18.Nc2 Bxd2 19.Qxd2 Rb6 20.bxc5 Nb3 21.Qd1 Nxc5 22.d4 Rxb1 23.Qxb1
Na6 24.Qa1 Bb3 25.Qxa6 Bxc2 26.Nb5 Qd7 27.Rc1 Rc8 28.Qb7 Qd8 29.Qa6 Bf5 30.Rxc8
Nxc8 31.e4 Bg4 32.f3 Bd7 33.Nxd6 exd4 34.e5 Qc7 35.Qc4 Qxc4 36.Nxc4 f6 37.Kf2
Be6 38.exf6+ Kxf6 39.Nd2 Nd6 40.Ke2 g5 41.Kd3 Ke5 42.f4+ gxf4 43.Nf3+ Kf6
44.gxf4 Bd5 45.Kxd4 Bxf3 46.Bxf3 Kf5

[Event "2.Bl-West"]
[Site "Salzburg"]
[Date "2003.10.19"]
[Round "2"]
[Board "3"]
[White "Schmidlechner, Alexander"]
[Black "Hoellrigl, Wilfried"]
[Result "1-0"]
[WhiteElo "2208"]
[BlackElo "2200"]
[PlyCount "111"]

1.d4 Nf6 2.c4 g6 3.Nc3 d5 4.cxd5 Nxd5 5.e4 Nxc3 6.bxc3 Bg7 7.Bc4 O-O 8.Ne2 c5
9.O-O Nc6 10.Be3 Bg4 11.f3 Na5 12.Bxf7+ Rxf7 13.fxg4 Rxf1+ 14.Kxf1 cxd4 15.cxd4
e5 16.d5 Nc4 17.Bf2 Qf6 18.Kg1 Bh6 19.Qd3 Rc8 20.h4 Bd2 21.g5 Qa6 22.Rf1 b5
23.h5 Bxg5 24.hxg6 hxg6 25.Qg3 Be7 26.Rd1 Qd6 27.Qg4 Rf8 28.Bxa7 Ra8 29.Bf2 Rxa2
30.Nc3 Rb2 31.Nxb5 Qf6 32.Ba7 Kg7 33.Rf1 Qg5 34.Qxg5 Bxg5 35.Nc7 Be3+ 36.Bxe3
Nxe3 37.Ne6+ Kg8 38.Rf8+ Kh7 39.Rf7+ Kh8 40.Rf8+ Kh7 41.d6 Rxg2+ 42.Kh1 Rd2
43.Rf3 Rxd6 44.Ng5+ Kg7 45.Rxe3 Kf6 46.Nh3 Rd2 47.Rf3+ Kg7 48.Nf2 Rd4 49.Kg2 Ra4
50.Kg3 Ra8 51.Rb3 Ra5 52.Ng4 g5 53.Nf2 Kg6 54.Kg4 Ra2 55.Rb6+ Kg7 56.Nd3

[Event "2.Bl-West"]
[Site "Salzburg"]
[Date "2003.10.19"]
[Round "2"]
[Board "4"]
[White "Lederwasch, Bernhard"]
[Black "Lutzenberger, Reimund"]
[Result "1-0"]
[WhiteElo "2193"]
[BlackElo "2177"]
[PlyCount "115"]

1.e4 e6 2.d4 d5 3.Nc3 Nf6 4.Bg5 Bb4 5.e5 h6 6.Bd2 Bxc3 7.bxc3 Ne4 8.Qg4 g6 9.Bd3
Nxd2 10.Kxd2 c5 11.h4 Bd7 12.h5 g5 13.f4 c4 14.Be2 f5 15.exf6 e5 16.Qf3 e4
17.Qg3 Qxf6 18.fxg5 Qxg5+ 19.Qxg5 hxg5 20.Nh3 Nc6 21.Nxg5 Rg8 22.h6 Rxg5 23.h7
Ke7 24.h8=Q Rxh8 25.Rxh8 Rxg2 26.Rh7+ Kd6 27.Rah1 Nd8 28.R1h6+ Kc7 29.Rf6 Kc8
30.Ke1 Rg3 31.Rd6 Bc6 32.Rh8 Rxc3 33.Rdxd8+ Kc7 34.Kd2 Ra3 35.Bg4 c3+ 36.Ke3
Rxa2 37.Rc8+ Kb6 38.Rh2 a5 39.Be6 a4 40.Kf4 a3 41.Ra8 Kb5 42.Ke5 Kc4 43.Rc8 Rxc2
44.Rxc2 Kb3 45.Rh2 a2 46.Ra8 c2 47.Bxd5+ Bxd5 48.Rxc2 Kxc2 49.Kxd5 Kb2 50.Kxe4
b5 51.d5 b4 52.d6 b3 53.d7 a1=Q 54.Rxa1 Kxa1 55.d8=Q b2 56.Qa5+ Kb1 57.Kd3 Kc1
58.Qe1#

[Event "2.Bl-West"]
[Site "Salzburg"]
[Date "2003.10.19"]
[Round "2"]
[Board "5"]
[White "Scheffknecht, Philipp"]
[Black "Sprenger, Wendelin"]
[Result "0-1"]
[WhiteElo "2162"]
[BlackElo "2153"]
[PlyCount "94"]

1.d4 d5 2.Nf3 Nf6 3.c4 c6 4.Nc3 a6 5.e3 b5 6.cxd5 cxd5 7.Ne5 e6 8.Bd3 Bd6 9.f4
Bb7 10.O-O Ne4 11.Qf3 Nxc3 12.bxc3 Qc7 13.Bd2 f5 14.g4 O-O 15.Kh1 g6 16.Rg1 Nd7
17.Nxd7 Qxd7 18.gxf5 exf5 19.h4 Qe7 20.Qh3 Kf7 21.h5 Qf6 22.Rg5 Bc8 23.Rag1 Rg8
24.Be1 Be6 25.Bh4 Qh8 26.Qg2 Be7 27.Bxf5 gxf5 28.Rxg8 Rxg8 29.Qxg8+ Qxg8 30.Rxg8
Bxh4 31.Ra8 Bf2 32.Rxa6 Bxe3 33.Ra7+ Kf6 34.Rxh7 Bf7 35.Rh6+ Ke7 36.Rb6 Bxh5
37.Rxb5 Bf3+ 38.Kh2 Bxf4+ 39.Kh3 Kd6 40.a4 Be2 41.Rb2 Bd3 42.Kh4 Bc1 43.Rh2 Kc6
44.Kh5 Kb6 45.Kg6 f4+ 46.Kf6 Ka5 47.Ke5 Bc4

[Event "2.Bl-West"]
[Site "Jenbach"]
[Date "2003.11.14"]
[Round "3"]
[Board "1"]
[White "Reich, Thomas"]
[Black "Kelecevic, Nedeljko"]
[Result "1/2-1/2"]
[WhiteElo "2408"]
[BlackElo "2381"]
[PlyCount "39"]

1.d4 Nf6 2.c4 e6 3.Nf3 b6 4.Nc3 Bb4 5.Bd2 O-O 6.e3 c5 7.a3 Bxc3 8.Bxc3 Ne4 9.Rc1
Bb7 10.g3 Nxc3 11.Rxc3 cxd4 12.exd4 d6 13.Bg2 Nd7 14.O-O Rc8 15.Re1 Rc7 16.Qd2
d5 17.cxd5 Bxd5 18.Rxc7 Qxc7 19.Rc1 Qb7 20.Qf4

[Event "2.Bl-West"]
[Site "Jenbach"]
[Date "2003.11.14"]
[Round "3"]
[Board "2"]
[White "Poettinger, Harald"]
[Black "Micheli, Carlo"]
[Result "1/2-1/2"]
[WhiteElo "2238"]
[BlackElo "2360"]
[PlyCount "31"]

1.d4 Nf6 2.Nf3 g6 3.c4 Bg7 4.Nc3 O-O 5.e3 d6 6.Be2 a5 7.O-O Na6 8.a3 Bf5 9.Bd2
c6 10.h3 h5 11.Re1 Qc7 12.Bf1 e5 13.e4 Be6 14.Be3 exd4 15.Bxd4 Nc5 16.Qc2